[Event "ROM-ch U10"]
[Site "Calimanesti"]
[Date "2014.04.12"]
[Round "8"]
[White "Cocis, Rares Mihai"]
[Black "Ungureanu, David Mihai"]
[Result "1-0"]
[WhiteElo "1293"]
[BlackElo "1250"]
[PlyCount "79"]
[EventDate "2014.04.06"]
[EventType "swiss"]
[EventRounds "9"]
[EventCountry "ROU"]
[SourceTitle "CBM 160 Extra"]
[Source "ChessBase"]
[SourceDate "2014.07.01"]
[SourceVersion "1"]
[SourceVersionDate "2014.07.01"]
[SourceQuality "1"]

1. e4 d5 2. exd5 Qxd5 3. Nf3 Nf6 4. d4 Bf5 5. c4 Qd8 6. Be2 e6 7. 0-0 c6 8. Bg5 Be7 9. Nc3 h6 10. Bh4 g5 11. Bg3 Bg4 12. Qb3 b6 13. Rfd1 Bxf3 14. Bxf3 Bd6 15. Ne4 Nxe4 16. Bxe4 Bxg3 17. Qxg3 h5 18. Qe5 Rg8 19. d5 Qe7 20. dxc6 f6 21. Qb5 Qc7 22. Rd2 f5 23. Bxf5 exf5 24. Re1+ Kf8 25. Qxf5+ Qf7 26. Rd8+ Kg7 27. Qxg5+ Kh8 28. Rxg8+ Qxg8 29. Qxg8+ Kxg8 30. Re8+ Kf7 31. c7 Kxe8 32. c8Q+ Kf7 33. Qb7+ Kf6 34. Qxa8 Kg5 35. Qxb8 h4 36. Qxa7 Kg4 37. Qf7 Kg5 38. f4+ Kg4 39. Kf2 b5 40. h3# 1-0

[Event "ROM-ch U10"]
[Site "Calimanesti"]
[Date "2014.04.10"]
[Round "6"]
[White "Cocis, Rares Mihai"]
[Black "Birtalan, Tamas"]
[Result "1-0"]
[WhiteElo "1293"]
[BlackElo "1214"]
[PlyCount "57"]
[EventDate "2014.04.06"]
[EventType "swiss"]
[EventRounds "9"]
[EventCountry "ROU"]
[SourceTitle "CBM 160 Extra"]
[Source "ChessBase"]
[SourceDate "2014.07.01"]
[SourceVersion "1"]
[SourceVersionDate "2014.07.01"]
[SourceQuality "1"]

1. b3 e5 2. Bb2 Nc6 3. e3 Nf6 4. Bb5 d6 5. Bxc6+ bxc6 6. Nf3 Be7 7. Nc3 Bg4 8. 0-0 0-0 9. h3 Bh5 10. d3 h6 11. Qe2 Nh7 12. Ne4 d5 13. Ng3 Bxf3 14. Qxf3 Qd6 15. Nf5 Qe6 16. Nxe7+ Qxe7 17. Qg3 d4 18. exd4 exd4 19. Bxd4 f6 20. Rfe1 Qb4 21. c3 Qb7 22. Qg6 Rf7 23. Re2 Qc8 24. Rae1 Qd7 25. Bc5 Ng5 26. Re7 Qd5 27. Re8+ Rf8 28. Bxf8 Rxe8 29. Qxg7# 1-0